Προφητικά φυτά

Αποθηκεύτηκε σε:
Λεπτομέρειες βιβλιογραφικής εγγραφής
Κύριος συγγραφέας: Ratsch, Christian 1957-
Άλλοι συγγραφείς: Δαβίας, Ορέστης (Μεταφραστής)
Μορφή: Βιβλίο
Γλώσσα:Greek
German
Δημοσίευση: Αθήνα : Οξύ, 1998.
Θέματα:
Ετικέτες: Προσθήκη ετικέτας
Δεν υπάρχουν, Καταχωρήστε ετικέτα πρώτοι!

MARC

LEADER 00000cam a2200000 i 4500
001 1/73905
008 990323s1998 gr | ||| |||| ||gre||
020 |a 9607614127 
035 |l 10048926 
040 |a GR-MyUA  |b gre  |e AACR2 
041 1 |a gre  |h ger 
082 0 |a 398.468 
100 1 |a Ratsch, Christian  |d 1957- 
245 1 0 |a Προφητικά φυτά /   |c Christian Ratsch.  
260 |a Αθήνα :   |b Οξύ,   |c 1998.  
300 |a 271 σ. ;   |c 24 εκ.  
500 |a Τίτλος πρωτοτύπου: Von den Wurzeln der Kultur die Pflanzen der Propheten.  
504 |a Περιέχει βιβλιογραφικές αναφορές.  
650 0 0 |a Plants. 
650 0 0 |a Plants  |x Religious aspects  |x Buddhism. 
700 0 |a Δαβίας, Ορέστης,  |e trl 
852 |a INST  |b SAMOS  |e 19990323  |h 398.468 RAT  |p 005300013593  |q 005300013593  |t BK  |y 0 
901 |a BIBL-1999-1 
909 |a Σ  |b 060602 
922 |a 3ΕΛΗ  |b 199812  |c ΒΙΒΛΙΟΘΗΚΗ  |d ΧΑΡΤΣΑΣ